1171 1408 1723 1710 1534 1605 1040 1040 1852 1621 1073 1405 1065 1879 1408 1828 1527 1908 1413 1740 1246 1762 1441 1001 1648 1159 1995 1228 1842 1546 1175 1828 1610 1953 1353 1969 1036 1887 1533 1770 1511 1902 1494 1566 1236 1584 1485 1114 1147 1117 1759 1099 1817 1272 1876 1531 1971 1892 1562 1800 1570 1210 1796 1150 1391 1444 1353 1946 1530 1520 1260 1792 1484 1695 1141 1844 1879 1767 1378 1619 1183 1919 1606 1708 1081 1542 1279 1572 1017 1809 1762 1870 1707 1316 1553 1854 1998 1273 1636 BCNSPRNW ULIB Ver.6.0+V

เปลี่ยนเป็นภาษาไทย

Change to English
 แสดงรายละเอียดบรรณานุกรม
  กลับหน้าหลัก

Brief Record : Get Marc (ISO 2709) : E-mail record : QR code < ปิดหน้าต่าง
LEADER : 00000nam 2200000uu 4500
001    13399114670
003     ULIB
008    120427s2534||||th 000 0 tha d
020    ^a9745795828
060 04 ^aQV766^bพ17ป 2534
100 0  ^aพรเพ็ญ เปรมโยธิน
245 10 ^aปัญหาจากการใช้ยา /^cพรเพ็ญ เปรมโยธิน ... [และคนอื่นๆ]
260    ^aกรุงเทพฯ :^bสำนักพิมพ์จุฬาลงกรณ์มหาวิทยาลัย,^c2534
300    ^a111 หน้า :^bภาพประกอบ ;^c21 ซม.
440  0 ^aชุดความรู้เพื่อชุมชน ;^vล. 4
500    ^aSend to Single Search
591    ^aLIPY มีปี 2534 (พิมพ์ครั้งที่ 1)
650  4 ^aการใช้ยา
650  4 ^aยา
945    ^p0^l0^i2193
999 ^a ใช้งานได้ทุกระบบ
รายการนี้ยังไม่มีแท็ก
คุณยังไม่ได้ล็อกอิน คุณสามารถมีกิจกรรมร่วมกับเว็บไซต์ได้ แต่ต้องล็อกอินก่อน ::
  ล็อกอิน

รายการสื่อสารสนเทศ

ลำดับที่ ประเภท เลขเรียก/บาร์โค้ด สถานที่ สถานะ
- ไม่พบข้อมูล -

รายการใกล้เคียง
    หัวเรื่อง [การใช้ยา]
    หัวเรื่อง [ยา]

BibComment


ยังไม่เคยถูกคอมเมนท์

คอมเมนท์ทรัพยากรรายการนี้
  คอมเมนท์: ปัญหาจากการใช้ยา..


 Copyright 2026. Bcnsprnw @Library